| 000 | 00484nam a2200169Ia 4500 | ||
|---|---|---|---|
| 003 | GCL | ||
| 008 | 140319s9999 xx 000 0 ara d | ||
| 040 |
_aGCL / _cGCL |
||
| 082 | 0 | 4 |
_a811.094 _bط م |
| 100 | 1 | _aطه حسين | |
| 245 | 1 | 0 |
_aمن حديث الشعر والنثر (هدية من الاديب عبدالفتاح الجمل) / _cطه حسين |
| 300 | _a311 ص | ||
| 490 | _a | ||
| 650 | 0 | 4 | _aالادب العربى |
| 650 | 0 | 4 | _aتاريخ ونقد |
| 942 |
_2ddc _cBK |
||
| 999 |
_c42203 _d42203 |
||